Výber vhodnej techniky a podmienok pre extrakciu kumarínu zo vzoriek potravín s obsahom škorice

Guardado en:
Detalles Bibliográficos
Autor principal: Lišková, Petra (Autor)
Otros Autores: Hroboňová, Katarína (Orientador)
Formato: Manuscrito Libro
Lenguaje:eslovaco
Publicado: 2024
Materias:
Acceso en línea:http://is.stuba.sk/zp/portal_zp.pl?podrobnosti=176583
Etiquetas: Agregar Etiqueta
Sin Etiquetas, Sea el primero en etiquetar este registro!

MARC

LEADER 00000ntm a22000003a 4500
001 stuzp98062
003 SK-STU
005 20240601210331.4
007 ta
008 150427s2015----xo-----f-mn---000-0-slo-d
040 |a STU  |b slo 
041 0 |a slo 
100 1 |a Lišková, Petra  |u 041000  |4 aut  |U FCHPT Fakulta chemickej a potravinárskej technológie  |T FCHPT Ústav analytickej chémie  |X 104726  |U C1000  |Y 99  |7 104726 
242 0 1 |a Selection of suitable technique and conditions for the extraction of coumarin from cinnamon-containing food  |y eng 
245 1 0 |a Výber vhodnej techniky a podmienok pre extrakciu kumarínu zo vzoriek potravín s obsahom škorice 
260 |c 2024 
650 4 |a extrakcia podporená ultrazvukom  |2 slo 
650 4 |a extrakcia podporená mikrovlnným žiarením  |2 slo 
650 4 |a hlboko eutektické rozpúšťadlá  |2 slo 
650 4 |a kumarín  |2 slo 
650 4 |a HPLC  |2 slo 
650 4 |a potravinové výrobky s obsahom škorice  |2 slo 
650 4 |a ultrasound-assisted extraction  |2 eng 
650 4 |a microwave-assisted extraction  |2 eng 
650 4 |a deep eutectic solvents  |2 eng 
650 4 |a coumarin  |2 eng 
650 4 |a HPLC  |2 eng 
650 4 |a cinnamon-containing food products  |2 eng 
700 1 |a Hroboňová, Katarína  |u 041000  |k Z1  |4 ths  |U FCHPT Fakulta chemickej a potravinárskej technológie  |T FCHPT Ústav analytickej chémie  |X 3931  |U C1000  |Y 99  |7 A000003931 
856 4 |u http://is.stuba.sk/zp/portal_zp.pl?podrobnosti=176583